| 000 -LEADER |
| fixed length control field |
01406nam a2200157 4500 |
| 008 - FIXED-LENGTH DATA ELEMENTS--GENERAL INFORMATION |
| fixed length control field |
190903b ||||| |||| 00| 0 eng d |
| 100 ## - MAIN ENTRY--PERSONAL NAME |
| Personal name |
Walker, Lydia |
| 245 ## - TITLE STATEMENT |
| Title |
Jayaprakash Narayan and the politics of reconciliation for the postcolonial state and its imperial fragments |
| 260 ## - PUBLICATION, DISTRIBUTION, ETC. (IMPRINT) |
| Date of publication, distribution, etc |
2019 |
| 300 ## - PHYSICAL DESCRIPTION |
| Extent |
p.147-169. |
| 520 ## - SUMMARY, ETC. |
| Summary, etc |
Jayaprakash (JP) Narayan was an activist, politician and political thinker who attempted to use peace negotiations on India’s borders to renegotiate the postcolonial Indian state. This article tracks JP’s efforts to find non-national vehicles for regional nationalist demands through his positions on the contentious political questions of a Nagaland in India, and a Tibet in China. It locates JP within the Anglophone international peace movement that transitioned from support of Indian independence to a critique of the state violence of the Indian government, and traces JP’s thinking and work in support of some degree of autonomy for Tibet and Nagaland. Finally, this article connects these projects to JP’s non-statist critique of Indian state sovereignty, arguing that through a more decentralised and inclusively organised India, JP sought to re-organise what decolonisation had wrought. - Reproduced. |
| 650 ## - SUBJECT ADDED ENTRY--TOPICAL TERM |
| Topical term or geographic name as entry element |
Nationalism |
| 9 (RLIN) |
9506 |
| 773 ## - HOST ITEM ENTRY |
| Main entry heading |
Indian Economic and Social History Review |
| 906 ## - LOCAL DATA ELEMENT F, LDF (RLIN) |
| Subject DIP |
Narayan Jayaprakash |
| 942 ## - ADDED ENTRY ELEMENTS (KOHA) |
| Source of classification or shelving scheme |
|
| Item type |
Articles |